Accounting for Governmental and Nonprofit Entities

Salvato in:
Dettagli Bibliografici
Autore principale: Hay, Leon E.
Altri autori: Wilson, Earl R.
Natura: Libro
Lingua:inglese
Pubblicazione: Homewood IRWIN 1992
Edizione:9. ed.
Soggetti:
Tags: Aggiungi Tag
Nessun Tag, puoi essere il primo ad aggiungerne!!

MARC

LEADER 00000nam a2200000 4500
001 c014396
005 20221206084638.5
020 |a 0-256-08313-4 
041 0 |a eng 
044 |a US 
245 1 0 |a Accounting for Governmental and Nonprofit Entities  |c Leon E. Hay, Earl R. Wilson 
250 |a 9. ed. 
264 1 |a Homewood  |b IRWIN  |c 1992 
300 |a 867 s. 
610 2 0 |a účtovníctvo 
610 2 0 |a podnik štátny 
610 2 0 |a organizácie nevládne 
610 2 0 |a organizácie neziskové 
610 2 0 |a financie verejné 
610 2 0 |a USA 
100 1 |a Hay, Leon E. 
700 1 |a Wilson, Earl R.